000 00456nam a22001697a 4500
005 20230118110415.0
008 190529b xxu||||| |||| 00| 0 eng d
020 _a978-93-80064-20-8
041 _aeng
100 _aHADKAR,Dr. U.B
_94901
245 _aA TEXTBOOK OF INSTRUMENTAL METHODS IN PHARMACEUTICAL ANALYSIS
250 _a5th ed., 2018
260 _aPUNE
_bNIRALI PRAKASHAN
300 _a1.2p,
650 _aPHARMACY
_xD.PHARMA
_97090
942 _cBK
999 _c5896
_d5894